00883 2200289 4500001002100000005001700021008004100038035002400079040001200103082001200115090001900127100003200146245007600178260010700254300002000361500002800381650007400409700001700483850001200500990001100512990001100523999001200534999001100546999001100557990001200568990001300580YOGYA-0612000000001020120603183945.0 ind  0010-061200000000010 aYOPDYOG a899.221 a899.221bYas M aYASADIPURA I, Raden Ngabehi aMenak Larecoleh: Raden Ngabehi Yasadipura I; alih aksara: Sulistijo HS aJakartabDepartemen Pendidikan dan Kebudayaan Proyek Penerbitan Buku Sastra Indonesia dan Daerahc1983 a...jilidc21 cm aYang diterima: jil. 2,3 aKasustraan Jawa - Tembang, Jawa - Kessastraan - Tembang, Tembang Jawa aSulistiyo HS aYOPDYOG a1625-A a1632-A a62425-A a1618-A a1623-A a62425-a a355-PK/A